000 00357nam a22001457a 4500
003 MACL
005 20180227130142.0
008 180227b xxu||||| |||| 00| 0 eng d
040 _cMACL
100 _aGrover, D C
_970818
245 _aMight and Mystical Rivers of India
260 _aAllahabad
_bAnurag
_c2016
650 _aRiver
_915344
942 _2ddc
_cBK
999 _c57320
_d57320